000 01004nam a22003018a 4500
001 1475000
003 CO-ViMGA
005 20230915233610.0
008 160802s2015 ck a jr 0001j spa d
020 _a9789583047596
040 _aCO-ViMGA
_bspa
_cCO-ViMGA
041 1 _hfre
043 _ae-fr---
082 0 4 _a843.91
_bC65f
_219
100 1 _aColin, Fabrice,
_d1972-
_9421
245 1 3 _aEl fin del mundo /
_cFabrice Colin ; traducción Cristina Ramos Solis.
250 _aEdicin̤ Javier R. Mahecha Lp̤ez.
260 3 _aBogot,̀ D. C :
_bPanamericana Editorial,
_c2015.
300 _a207 pg̀inas ;
_c23 cm.
534 _pTt̕ulo original :
_tLa fin du monde.
650 1 4 _aGuerra nuclear
_v Novela juvenil.
_9422
650 1 4 _aHistorias de aventuras.
_9136
650 1 4 _aNovela de ciencia ficcion̤.
_9423
650 1 4 _aNovela juvenil francesa.
_9186
700 1 _aMahecha Lp̤ez, Javier R,
_eeditor.
_9249
700 1 _aRamos Solis, Cristina,
_etraductora.
_9424
942 _2ddc
_cBK
999 _c37223
_d37223